Statistics for Top 10 Coconut Oil Producing Countries

Click here to take the quiz!

General Stats

  • This quiz has been taken 80 times
  • The average score is 8 of 10

Answer Stats

Metric TonsCountry% Correct
8,785,400India
97%
17,162,164Indonesia
97%
951,840Malaysia
92%
1,026,719Thailand
92%
3,278,346Vietnam
92%
30,432,910Philippines
83%
988,391Sri Lanka
81%
2,818,200Mexico
77%
988,345Papua New Guinea
64%
701,851Mozambique
26%

Score Distribution

Percentile by Number Answered

Percent of People with Each Score

Your Score History

You have not taken this quiz